000 00393nam a2200169Ia 4500
008 230524s9999 xx 000 0 und d
020 _a9780074632734
082 _a1.642
_bMAD
100 _aStuart E.Madnick
245 0 _aOperating Systems
250 _a1ST
260 _aNEW DELHI
_bTMH
_c2003
300 _aXII;625
500 _aQuantity Number: 15
650 _aComp-Sc
942 _cBK
999 _c18847
_d18847